000
00243nam a22001217a 4500
041
_a
ENG
100
_a
Janich .K
245
_a
Linear.Algebra
260
_a
Delhi
_b
Springer
_c
2001
300
_a
204
650
_a
M.Tech
856
_u
M.Tech -(7)
999
_c
1003
_d
1003